French - Drinks - Statistics

General Stats
  • This quiz has been taken 193 times
  • The average score is 11 of 13
Answer Stats
French English % Correct
Café Coffee
97%
Bière Beer
96%
Chocolat Chaud Hot Chocolate
96%
Alcool Alcohol
94%
Limonade Lemonade
94%
Jus de Fruits Fruit Juice
91%
Vin Wine
91%
Lait Milk
90%
Thé Tea
90%
Rhum Rum
89%
Eau Mineralé Mineral Water
86%
Coca Cola
59%
Boisson Gazeuse Fizzy Drink
38%
No matching quizzes found
Score Distribution
Percent of People with Each Score
Percentile by Number Answered
Your Score History
You have not taken this quiz